Normal view
MARC view
- Environmental Biotechnology
Entry Uniform Title
001 - CONTROL NUMBER
- control field: 9582
003 - CONTROL NUMBER IDENTIFIER
- control field: NUST
005 - DATE AND TIME OF LATEST TRANSACTION
- control field: 20180123111247.0
008 - FIXED-LENGTH DATA ELEMENTS
- fixed length control field: 180123|| aca||aabn | a|a d
040 ## - CATALOGING SOURCE
- Original cataloging agency: NUST
- Transcribing agency: NUST
130 ## - HEADING--UNIFORM TITLE
- Uniform title: Environmental Biotechnology
670 ## - SOURCE DATA FOUND
- Source citation: Work cat.: (NUST): A.K. Chatterji 9581, Introduction to environmental biotechnology, 2009
